Statistics for Milwaukee Bucks Roster 2019-2020

Click here to take the quiz!

General Stats

  • This quiz has been taken 36 times
  • The average score is 9 of 17

Answer Stats

PositionAnswer% Correct
PFGiannis Antetokounmpo
100%
SFKhris Middleton
100%
CBrook Lopez
97%
CRobin Lopez
93%
PGEric Bledsoe
70%
PGGeorge Hill
63%
PFD.J. Wilson
53%
SGDonte DiVincenzo
50%
SGPat Connaughton
50%
SFThanasis Antetokounmpo
43%
SGWesley Matthews
43%
PFErsan Ilyasova
37%
SGKyle Korver
37%
SGSterling Brown
37%
PGFrank Mason III
10%
SGCameron Reynolds
7%
SFDragan Bender
7%

Score Distribution

Percentile by Number Answered

Percent of People with Each Score

Your Score History

You have not taken this quiz